| 000 | 01270nem a2200325 4500 | ||
|---|---|---|---|
| 001 | ebr10002627 | ||
| 003 | CaPaEBR | ||
| 006 | m u | ||
| 007 | cr cn||||||||| | ||
| 008 | 101210s1997 xx s a s 0 eng d | ||
| 034 | 0 | _aa | |
| 040 |
_aCaPaEBR _cCaPaEBR |
||
| 035 | _a(OCoLC)704409515 | ||
| 050 | 1 | 4 |
_aE468 _b.C58 1997eb |
| 050 | 1 | 4 |
_aG3860 _b.C58 1997eb |
| 052 | _a3860 | ||
| 052 | _a3700 | ||
| 245 | 0 | 4 |
_aThe Civil War, central U.S., 1862 _h[electronic resource]. |
| 246 | 3 |
_iTitle from title screen: _aCivil War, central U.S., 1862-- North America, United States, Kentucky, Tennessee, Mississippi, Louisiana, Alabama map |
|
| 255 | _aScale varies. | ||
| 260 |
_a[S.l.] : _bMagellan Geographix, _cc1997. |
||
| 300 | _a1 online resource (1 map) | ||
| 533 |
_aElectronic reproduction. _bPalo Alto, Calif. : _cebrary, _d2011. _nAvailable via World Wide Web. _nAccess may be limited to ebrary affiliated libraries. |
||
| 651 | 0 |
_aSouthern States _vMaps. |
|
| 651 | 0 |
_aUnited States _xHistory _yCivil War, 1861-1865. |
|
| 655 | 7 |
_aElectronic books. _2local |
|
| 710 | 2 | _aMaps.com (Firm) | |
| 710 | 2 | _aebrary, Inc. | |
| 856 | 4 | 0 |
_uhttp://site.ebrary.com/lib/rucke/Doc?id=10002627 _zAn electronic book accessible through the World Wide Web; click to view |
| 999 |
_c2374 _d2374 |
||